000 00445nam a2200181Ia 4500
001 20484
005 20260306172809.0
008 260306t2019||||xx |||||||||||||| ||spa||
041 _aESP
082 _a344.31
_bH46
100 _aHerrera Guerrero, Mercedes
_eAUT
245 0 _aLa responsabilidad penal de adolescentes
260 _c2019
300 _a551 páginas :
_c25 cm.
650 _aGEN
654 _aCDE
942 _cLIB
_dJUS
_fJUS
_2ddc
_n
999 _c20484
_d20484